000 00501nmm a2200181 a 4500
003 AR-X00000XY
005 20251128212033.0
008 207020s1971 ||||||||||||||000 | spa||
040 _cAR-X00000XY
245 1 0 _aPoeti ispanoamericani del 900
260 _aRoma
_bEdizioni Rai Radiotelevisione Italiana
_c1971
300 1 _axv, 493 p.
500 0 _aCon dedicatoria del editor
655 _aLITERATURA
700 1 _aTentori Montalto, Francesco Tentori
_eeditor
942 _cBK
998 _cmartin
999 _c22193
_d22193